000 00922cam a2200253 4500
001 ABS66863
008 030718n2003 000 0 eng u
035 _a(Sirsi) u123063
100 _aMoore, P.
245 _aFortune telling
260 _c2003
490 _aArchitects' Journal
_v218(2) 10 July 2003, 44-45(2)
520 _aDiscusses the effect of war on the domestic market for the construction industry. Looks at the construction industry and the optimistic forecasts for its continued growth. Covers aspects such as input costs, civil engineering, construction activity, tender prices and macro economic factors.
590 _aABS
650 _aCONSTRUCTION MARKET
650 _aCONSTRUCTION OUTPUT
650 _aCONSTRUCTION FORECASTS
650 _aINPUT COSTS
650 _aCIVIL ENGINEERING
650 _aTENDER PRICES
650 _aECONOMIC ISSUES
690 _aBUILT ENVIRONMENT
942 _n0
999 _c73073
_d73073